| 000 | 00000nam##2200000za#4500 |
| 001 | 9.616716 |
| 003 | CaOODSP |
| 005 | 20210615101743 |
| 007 | ta |
| 008 | 150406|2004||||xxc||||| f|0| 0 eng|d |
| 020 | |a0-662-36110-5 |
| 022 | |a1497-2689 |
| 040 | |aCaOODSP|beng |
| 043 | |an-cn--- |
| 086 | 1 |aEn1-34/8-2004E |
| 110 | 1 |aCanada.|bEnvironment Canada. |bNational Guidelines and Standards Office. |
| 245 | 10|aCanadian guidance framework for the management of phosphorus in freshwater systems : |bscientific supporting document |
| 260 | |aOttawa - Ontario : |bEnvironment Canada. |c2004. |
| 300 | |axviii, 114p. : |bglossary, graphs, references, tables ; |c28 cm. |
| 490 | 1 |aEcosystem health, science-based solutions|x1497-2689|v1-8 |
| 520 | 3 |aThis series is dedicated to the dissemination of scientific knowledge, information and tools for monitoring, assessing, and reporting on ecosystem health to support Canadians in making sound decisions. |
| 546 | |a(Résumé en français.) |
| 563 | |aSpiral binding |
| 590 | |a04-12|b2004-03-19 |
| 690 | 07|aFresh water|2gcpds |
| 776 | 0#|tCanadian guidance framework for the management of phosphorus in freshwater systems : |w(CaOODSP)9.558791 |
| 830 | #0|aEcosystem health, science-based solutions,|x1497-2689|v1-8|w(CaOODSP)9.514535 |